000 00343nam a22001457a 4500
020 _a8172141165
041 _aENG
082 _a226.606
_bHAR
100 _aHargreaves, John, 1911-2008
245 _aA guide to Acts
260 _aDelhi
_bISPCK
_c2018
300 _a253
650 _aBible.--Acts
_aBible. -- Acts -- Commentaries.
942 _cBK
999 _c22983
_d22983